Statistics for Monster - Shawn Mendes & Justin Bieber (All Lyrics)

Click here to take the quiz!

General Stats

  • This quiz has been taken 406 times
  • The average score is 208 of 306

Answer Stats

Monster% Correct
I
99%
a
97%
monster?
97%
me
96%
the
96%
Verse 1You
94%
and
93%
And
93%
if
93%
on
93%
What
93%
what
93%
am
90%
know
89%
let
89%
put
89%
fall?
88%
I'm
88%
just
88%
Just
88%
tell
86%
best
85%
then
85%
Then
85%
trip?
83%
when
83%
was
82%
to
81%
pedestal
80%
In
79%
in
79%
up
79%
fifteen
76%
had
76%
my
76%
world
76%
of
74%
big
73%
dreams
73%
sin?
72%
memories
68%
down
67%
until
65%
breath
64%
break?
63%
making
63%
it
62%
with
62%
go
61%
short
61%
some
61%
yeah
61%
Yeah
61%
Raise
59%
tear
59%
liftin'
58%
Liftin'
58%
shows
58%
sky
58%
bad
57%
cool
57%
act
56%
ChorusBut
56%
chest
56%
doin'
56%
jealousy
55%
moves
55%
confidence
54%
Made
54%
say
53%
shoulder
52%
by
51%
tryin'
51%
Fill
50%
left
50%
nothin'
49%
for
48%
I've
47%
you're
47%
everything
45%
into
45%
one
45%
rest
45%
take
45%
there's
45%
upset
45%
what's
45%
done
44%
Oh
44%
pieces
44%
Rearrange
41%
Cause
39%
fit
39%
like
39%
chip
38%
holy
37%
responsibility
37%
their
37%
control
36%
tearin'
36%
please
35%
against
34%
them
34%
Holdin'
33%
good
32%
now
32%
came
31%
intentions
31%
wanna
31%
really
30%
I'll
27%
words
27%
keeps
26%
da
25%
unforgiveness
25%
Spill
24%
OutroLa
20%
duh
9%

Score Distribution

Percentile by Number Answered

Percent of People with Each Score

Your Score History

You have not taken this quiz